Intersection sur les surfaces regulieres

Պահպանված է:
Մատենագիտական մանրամասներ
Հիմնական հեղինակ: Delinge, P (Հեղինակ)
Ձևաչափ: Գիրք
Լեզու:ֆրանսերեն
Հրապարակվել է: Valparaíso Universidad Católica de Valparaíso 1970
Խորագրեր:
Ցուցիչներ: Ավելացրեք ցուցիչ
Չկան պիտակներ, Եղեք առաջինը, ով նշում է այս գրառումը!

MARC

LEADER 00000nam a2200000 a 4500
001 UCP2649
003 CL-VaPUC
008 990520e19700000CL |||||||||||||||||fre|d
082 0 4 |a 516.35  |b DEL  |2 21 
100 0 |a Delinge, P  |e author  |9 429550 
245 1 0 |a Intersection sur les surfaces regulieres 
246 1 0 |a Cohomologie des intersections completes 
300 |a 55 p 
942 |c BK 
945 |d 19990520 00:00:00  |a crobeson 
260 |a Valparaíso  |b Universidad Católica de Valparaíso  |c 1970 
650 7 |a INTERSECCIONES  |2 CL-VaPUC  |9 429551 
650 0 |a Geometría algebraica  |9 270327 
650 7 |a COHOMOLOGIA  |2 CL-VaPUC  |9 423575 
583 |a last modification  |c 19990520 00:00:00  |k Rodrigo Vera 
999 |c 281157  |d 281155 
952 |0 0  |1 0  |4 0  |6 516_350000000000000_DEL_1970  |7 0  |8 A  |9 321826  |a BIBMAT  |b BIBMAT  |d 2019-11-20  |i 1346539  |o 516.35 DEL 1970  |p 1346539  |r 2025-01-07  |w 2019-11-20  |y BK  |k MAT